Statystyki dla Rodzinny biznes 2115 wszystkie piosenki

Kliknij tutaj aby rozwiązać quiz!

Ogólne statystyki

  • Ten quiz został rozwiązany 132 razy
  • Średni wynik to 25 z 36

Statystyki odpowiedzi

HintOdpowiedź% Poprawnych
14.Glow up
88%
3.2115
85%
1.Rodzinny biznes
85%
4.Ketchup
84%
35.Diamenty
82%
8.Dresscode
82%
13.Onz
78%
15.Bedoesiara
76%
17.Na krańcu świata
75%
23.Turysta
75%
34.Więcej dymu
75%
31.Bruce
74%
2.White 2115 skit
74%
28.Bedoes 2115 skit
73%
19.Blacha 2115 skit
73%
11.Kuqe 2115 skit
73%
21.Weekend 2115
73%
6.Flexxy 2115 skit
72%
20.Moje białasy
72%
12.Nie ma sprawy
67%
36.Outro
67%
7.Walizki
67%
33.Jagiełło
65%
22.Strobo
65%
5.Fałszywi prorocy
64%
9.Kafa leyla
64%
27.Gugu x 2115
63%
10.Catalina
62%
18.Im a star now
61%
24.Airplanes
58%
16.Ninja
58%
29.Rottweiler
58%
30.Adele skit
54%
32.Teraz albo nigdy
53%
26.Wyglądam podejrzanie
49%
25.To dla ciebie
45%

Rozkład punktacji

Percentyl według liczby udzielonych odpowiedzi

Procent ludzi z każdym wynikiem

Twoja historia wyników

Nie rozwiązałeś tego quizu